Sports Quiz

Random Sports or Tennis Quiz

The best of Women's tennis in 1994 Quiz Stats

Quiz not verified by Sporcle

Challenge
Share
Tweet
Embed
Score 0/83 Timer 06:00
0 Plays Today
Hint Answer % Correct
Australian Open Singles Champion (GER)Steffi Graf
100%
French Open Singles Semifinalist (GER)Steffi Graf
100%
US Open Singles Runner-up (GER)Steffi Graf
100%
Tokyo (Pan Pacific) Champion (GER)Steffi Graf
100%
Indian Wells Champion (GER)Steffi Graf
100%
Delray Beach Champion (GER)Steffi Graf
100%
Miami Champion (GER)Steffi Graf
100%
Berlin Champion (GER)Steffi Graf
100%
San Diego Champion (GER)Steffi Graf
100%
Australian Open Singles Runner-up (ESP)Arantxa Sánchez Vicario
95.9%
French Open Singles Champion (ESP)Arantxa Sánchez Vicario
95.9%
US Open Singles Champion (ESP)Arantxa Sánchez Vicario
95.9%
US Open Doubles Champions (CZE/ESP)Jana Novotná & Arantxa Sánchez Vicario
95.9%
WTA Finals Doubles Runners-up (CZE/ESP)Jana Novotná & Arantxa Sánchez Vicario
95.9%
Amelia Island Champion (ESP)Arantxa Sánchez Vicario
95.9%
Barcelona Champion (ESP)Arantxa Sánchez Vicario
95.9%
Hamburg Champion (ESP)Arantxa Sánchez Vicario
95.9%
Montréal Champion (ESP)Arantxa Sánchez Vicario
95.9%
Tokyo (Nichirei) Champion (ESP)Arantxa Sánchez Vicario
95.9%
Oakland Champion (ESP)Arantxa Sánchez Vicario
95.9%
Wesley Chapel World Doubles Cup Champions (CZE/ESP)Jana Novotná & Arantxa Sánchez Vicario
95.6%
Australian Open Singles Semifinalist (ARG)Gabriela Sabatini
93.5%
Wimbledon Singles Runner-up (USA)Martina Navratilova
93.5%
US Open Singles Semifinalist (ARG)Gabriela Sabatini
93.5%
WTA Finals Singles Champion (ARG)Gabriela Sabatini
93.5%
Paris Champion (USA)Martina Navratilova
93.5%
French Open Singles Semifinalist (ESP)Conchita Martínez
91.1%
Wimbledon Singles Champion (ESP)Conchita Martínez
91.1%
Hint Answer % Correct
US Open Singles Semifinalist (CZE)Jana Novotná
91.1%
Hilton Head Champion (ESP)Conchita Martínez
91.1%
Rome Champion (ESP)Conchita Martínez
91.1%
Stratton Mountain Champion (ESP)Conchita Martínez
91.1%
Leipzig Champion (CZE)Jana Novotná
91.1%
Brighton Champion (CZE)Jana Novotná
91.1%
Essen Champion (CZE)Jana Novotná
91.1%
Australian Open Singles Semifinalist (JPN)Kimiko Date
89.4%
French Open Singles Runner-up (FRA)Mary Pierce
89.4%
Australian Open Doubles Champions (USA/BLR)Gigi Fernández & Natasha Zvereva
89.4%
French Open Doubles Champions (USA/BLR)Gigi Fernández & Natasha Zvereva
89.4%
Wimbledon Doubles Champions (USA/BLR)Gigi Fernández & Natasha Zvereva
89.4%
Fed Cup Runner-upUSA
89.4%
WTA Finals Doubles Champion (USA/BLR)Gigi Fernández & Natasha Zvereva
89.4%
Sydney Champion (JPN)Kimiko Date
89.4%
Tokyo (Japan Open) Champion (JPN)Kimiko Date
89.4%
Maria Lankowitz Champion (GER)Anke Huber
87.8%
Filderstadt Champion (GER)Anke Huber
87.8%
Philadelphia Champion (GER)Anke Huber
87.8%
Wimbledon Singles Semifinalist (USA2)Gigi Fernández
87%
Strasbourg Champion (USA)Mary Joe Fernández
87%
WTA Finals Singles Runner-up (USA)Lindsay Davenport
86.2%
Brisbane Champion (USA)Lindsay Davenport
86.2%
Lucerne Champion (USA)Lindsay Davenport
86.2%
Chicago Champion (BLR)Natasha Zvereva
84.6%
Fed Cup ChampionSpain
83.7%
Moscow Champion (BUL)Magdalena Maleeva
83.7%
Zürich Champion (BUL)Magdalena Maleeva
83.7%
Hint Answer % Correct
Québec City Champion (BUL)Katerina Maleeva
83.7%
Osaka Champion (SUI)Manuela Maleeva-Fragnière
82.9%
Hopman Cup Runner-upGermany
81.3%
Prague Champion (RSA)Amanda Coetzer
81.3%
Wimbledon Mixed Doubles Champions (CZE/AUS)Helena Suková & Todd Woodbridge
78.9%
Australian Open Mixed Doubles Champions (LAT/RUS)Larisa Neiland & Andrei Olhovskiy
73.2%
Linz Champion (BEL)Sabine Appelmans
73.2%
Pattaya City Champion (BEL)Sabine Appelmans
73.2%
Palermo Champion (ROU)Irina Spîrlea
71.5%
Hopman Cup ChampionCzech Republic
70.7%
Wimbledon Singles Semifinalist (USA1)Lori McNeil
69.9%
Birmingham Champion (USA)Lori McNeil
69.9%
Oklahoma City Champion (USA)Meredith McGrath
65.9%
Eastbourne Champion (USA)Meredith McGrath
65.9%
Beijing Champion (INA)Yayuk Basuki
65%
Singapore Champion (JPN)Naoko Sawamatsu
65%
Jakarta Champion (INA)Yayuk Basuki
65%
Schenectady Champion (AUT)Judith Wiesner
63.4%
Manhattan Beach Champion (USA)Amy Frazier
62.6%
French Open Mixed Doubles Champions (NED/NED)Kristie Boogert & Menno Oosting
61%
Houston Champion (GER)Sabine Hack
60.2%
Taipei Champion (TPE)Wang Shi-Ting
60.2%
Taranto Champion (FRA)Julie Halard
59.3%
US Open Mixed Doubles Champions (RSA/USA)Elna Reinach & Patrick Galbraith
52.8%
Hobart Champion (JPN)Mana Endo
51.2%
Auckland Champion (USA)Ginger Helgeson
48.8%
Surabaya Champion (GER)Elena Wagner
48.8%

You're not logged in!

Compare scores with friends on all Sporcle quizzes.
Sign Up with Email
OR
Log In

You Might Also Like...

Show Comments

Extras

Top Quizzes Today


Score Distribution

Your Account Isn't Verified!

In order to create a playlist on Sporcle, you need to verify the email address you used during registration. Go to your Sporcle Settings to finish the process.